| 000 | 01960nam a2200301Ia 4500 | ||
|---|---|---|---|
| 999 |
_c50895 _d50895 |
||
| 001 | 17850 | ||
| 003 | GE_BSU | ||
| 005 | 20250213172933.0 | ||
| 008 | 181216s||||||||xx |||||||||||||| ||und|| | ||
| 020 | _a9789941241048 | ||
| 040 | _cGE_BSU | ||
| 041 | _ageo | ||
| 080 | _a27-36 წ-71 | ||
| 245 | _aღირსი ანტონი სიელი ; წმინდა სტეფანე აღმსარებელი სუროჟელი ; წმინდა იოანე კრონშტადტელი / | ||
| 264 |
_aთბილისი : _bპალიტრა L, _c2015. |
||
| 300 |
_a190 გვ. ; _c20 სმ. |
||
| 490 |
_aსაქართველოს იმედი II : ყველა წმინდანი, რომელთა შესახებაც უნდა იცოდე / პროექტის რედაქტორი თამარ მამაცაშვილი ; _vწიგნი 33. |
||
| 500 | _aიბეჭდება სრულიად საქართველოს კათოლიკოს-პატრიარქის, უწმინდესისა და უნეტარესის ილია II-ის ლოცვა-კურთხევით | ||
| 541 | _h2 ლ. | ||
| 653 | _aრელიგია | ||
| 653 | _aღირსი ანტონი სიელი | ||
| 653 | _aწმინდა სტეფანე აღმსარებელი სუროჟელი | ||
| 653 | _aწმინდა იოანე კრონშტადტელი | ||
| 700 |
_aკენკიშვილი, კახაბერ _eშემდგენელი _924361 |
||
| 700 |
_aმამაცაშვილი, თამარ _eპროექტის რედაქტორი _924362 |
||
| 700 |
_aთორდია, რატი _eგარეკანის დიზაინერი _917902 |
||
| 942 |
_cBK _2udc |
||